| 000 | 00378pab a2200157 454500 | ||
|---|---|---|---|
| 008 | 180718b1998 xxu||||| |||| 00| 0 eng d | ||
| 100 | _aSingh, Rajendra | ||
| 245 | _aMaking enough power available: the Indian perspective | ||
| 260 | _c1998 | ||
| 300 | _ap.27-32 | ||
| 362 | _aAug | ||
| 650 | _aElectricity | ||
| 650 | _aPower industry | ||
| 773 | _aYojana | ||
| 909 | _a38188 | ||
| 999 |
_c38188 _d38188 |
||